Estadísticas para Adivina la reina potaxie

Haz click aquí para intentar la prueba.

Estadísticas generales

  • Esta prueba ha sido intentada 7 veces
  • La puntuación promedio es 4 de 9

Estadísticas de respuestas

Respuesta% Correcto
Jiafei
86%
Cupcakke
71%
Nicki Minaj
71%
Noseporque111
29%
Shenseea
29%
Ternure68
29%
AimeP3
14%
Anekakanekulo
14%
Diosa del Potaxio con Arroz Blanco
14%

Distribución de puntuación

Porcentaje por número respondido

Porcentaje de gente con cada puntuación

Historial de tus puntuaciones

No has intentado esta prueba.